02027cas a2200421 450000100090000000300060000900500170001500700030003200800410003501000310007602200170010703500240012403700100014804000830015804200140024105000150025511000760027021000310034622200400037724500410041726000680045830000220052631000380054832100290058636200160061544000620063150000650069350003810075859001030113965000340124265000480127670000490132490600450137393600320141894200300145099900170148095201080149710545037AUA.120130528130050.0t|850720c19639999miufr p 0 a0eng c a 74645601 zsc 76000812  a0003-298021 a(OCoLC)ocm01780045  b49104 aMnMULScMnMULSdMBTIdNSDPdDLCdOCoLCdAIPdNSDPdAIPdOCoLCdDLCdTNJdOCoLC ansdpapcc00aBR1b.A53a2 aAndrews University.bSeventh-Day Adventist Theological Seminary.9366590 aAndrews Univ. Semin. stud. 0aAndrews University Seminary studies10aAndrews University Seminary studies. aBerrien Springs, Mich.,bAndrews University Press.cAutumn 2008 bill.c23 cm.av.: a2 issues yearly,b aFrequency varies,b1963-0 aAutumn 2008 aAndrews University Seminary studies.vVol.46, No.2936660 a"Journal of the Seventh-Day Adventist Theological Seminary." aContents: Hospitality versus patronage: An Investigation of social dynamics in the third epistle of John; Appraising the myth of nero redivivus in the interpretation of Revelation; Evening or Morning: When does the biblical day begin? On the future of Adventism: Reason or Debate? Questions on doctrine and M. L. Andreasen: The behind the scenes interactions; Review articles; aAnnual, 1963-64; 2 no. a year, 1965-. "Journal of the Seventh-day Adventist Theological Seminary." 0aTheologyvPeriodicals.936661 0aTheological seminariesxPeriodicals.936662 aJerry Moon and John W. ReeveeEditors936663 a7bcbccserialsduencipf19gn-oclcserc aSpring 1995 (surrogate) LIC 2lcccPERhBR1i.A53a 2008 c10237d10237 00102lcc4070aAUA.1bAUA.1cPERd2013-05-28l0oBR1 .A53a 2008r2013-05-28 00:00:00w2013-05-28yPER